000 00934nam a2200277 a 4500
001 000026530
003 OSt
005 20240319114520.0
008 100407s2003 dr abc 000 0 spa d
020 _z9993489894
040 _aDO-SdBNP
_bspa
_cBNPHU
082 4 _a972.9324
_bF811b
_222
245 0 _aBarahona /
_ccoordinador Dario Tejeda.
260 _a[Santo Domingo] :
_bBanreservas,
_c2003.
300 _a99 p. :
_bil., mapa, retrs. ;
_c26 cm.
490 1 _aFragmentos de patria
504 _aBibliografía : p. 98-99
590 _aInventariado, 2020/BT
650 4 _aCiudades y pueblos
_zRepública Dominicana
_9784
651 4 _aBarahona (República Dominicana{Rpara}
_xHistoria Local
_9231
651 4 _aBarahona (Repúlica Dominicana{Rpara}
_xVida Social Y Costumbres
_953623
700 1 _aTejeda, Darío
_92540
830 0 _aFragmentos de patria
_944949
910 _aValidado. Control de calidad MFF
942 _2ddc
_cLF1
999 _c26022
_d26022